Business process management workshops: BPM 2016 International Workshops revised papers
Guardat en:
| Autors principals: | , |
|---|---|
| Format: | Llibre |
| Idioma: | anglès |
| Publicat: |
s.l
Springer
2017
|
| Edició: | 1a. ed |
| Col·lecció: | LNBIP, 281
|
| Matèries: | |
| Etiquetes: |
Afegir etiqueta
Sense etiquetes, Sigues el primer a etiquetar aquest registre!
|
MARC
| LEADER | 00000cam a2200000 a 4500 | ||
|---|---|---|---|
| 001 | UCC1430 | ||
| 003 | CL-VaPUC | ||
| 005 | 20230905074227.0 | ||
| 008 | 171025e201700000 1 eng d | ||
| 020 | |a 9783319584560 | ||
| 082 | 0 | 4 | |a 658.5 |b DUM |2 21 |
| 100 | 1 | |a Dumas, Marlon |e author |9 622313 | |
| 700 | 1 | |a Fantinato, Marcelo |e author |9 622314 | |
| 245 | 1 | 0 | |a Business process management workshops: BPM 2016 International Workshops revised papers |
| 250 | |a 1a. ed | ||
| 260 | |a s.l |b Springer |c 2017 | ||
| 300 | |a 488 p | ||
| 490 | 0 | |a LNBIP, 281 | |
| 583 | |a last modification |c 20190909 09:46:08 |k Rodrigo Vera | ||
| 650 | 0 | 7 | |a REINGENIERIA DE NEGOCIOS |2 CL-VaPUC |9 581802 |
| 650 | 0 | 7 | |a REINGENIERIA DE PROCESOS |2 CL-VaPUC |9 461288 |
| 650 | 0 | 7 | |a INNOVACIONES TECNOLOGICAS |2 CL-VaPUC |9 622315 |
| 650 | 0 | 0 | |a Administración de empresas |9 260833 |
| 942 | |c BK | ||
| 945 | |a dcastane |d 20171025 21:08:00 | ||
| 546 | |a En Inglés | ||
| 518 | |p International Business Process Management Workshops: BPM 2016, 14, Río de Janeiro-Brazil, September 19 2016 | ||
| 999 | |c 384922 |d 384920 | ||
| 952 | |0 0 |1 0 |3 erb |4 0 |6 658_500000000000000_DUM_2017 |7 0 |8 A |9 507934 |a BIBING |b BIBING |i 5432812 |o 658.5 DUM 2017 |p 5432812 |r 2025-01-20 |w 2020-01-23 |y BK |z Catalogado en:20171025 |k EII | ||